Twilight or dawn: The political change in India (1967-71) (Record no. 116256)

MARC details
000 -LEADER
fixed length control field 00390nam a2200145Ia 4500
008 - FIXED-LENGTH DATA ELEMENTS--GENERAL INFORMATION
fixed length control field 230917s9999||||xx |||||||||||||| ||und||
040 ## - CATALOGING SOURCE
-- 128511
Original cataloging agency VIVEKANANDA LIBRARY
041 ## - Language
-- English
082 ## - DDC NUMBER
Classification number 320.954 N164T
100 ## - MAIN ENTRY--PERSONAL NAME
Personal name Narain, Iqbal
245 #0 - TITLE STATEMENT
Title Twilight or dawn: The political change in India (1967-71)
260 ## - PUBLICATION, DISTRIBUTION, ETC. (IMPRINT)
Place of publication, distribution, etc Agra
Name of publisher, distributor, etc Shiva Lal Agarwala
Date of publication, distribution, etc 1972
300 ## - PHYSICAL DESCRIPTION
Pages ii, 244 p.
942 ## - ADDED ENTRY ELEMENTS (KOHA)
Koha item type Books
Holdings
Withdrawn status Lost status Damaged status Not for loan Location (home branch) Sublocation or collection (holding branch) Date acquired Koha issues (times borrowed) Koha full call number Accession No. Koha date last seen Koha item type
        VIVEKANANDA LIBRARY VIVEKANANDA LIBRARY 28/01/2010   320.954 N164T 20680 17/09/2023 Books
        VIVEKANANDA LIBRARY VIVEKANANDA LIBRARY 28/01/2010   320.954 N164T 20681 17/09/2023 Books
        VIVEKANANDA LIBRARY VIVEKANANDA LIBRARY 28/01/2010   320.954 N164T 20682 17/09/2023 Books
        VIVEKANANDA LIBRARY VIVEKANANDA LIBRARY 28/01/2010   320.954 N164T 20683 17/09/2023 Books
© Designed and Maintained by Vivekananda Library, MDU Rohtak